<?xml version="1.0" encoding="UTF-8"?><?xml-stylesheet type="text/xsl" href="static/style.xsl"?><OAI-PMH xmlns="http://www.openarchives.org/OAI/2.0/" xmlns:xsi="http://www.w3.org/2001/XMLSchema-instance" xsi:schemaLocation="http://www.openarchives.org/OAI/2.0/ http://www.openarchives.org/OAI/2.0/OAI-PMH.xsd"><responseDate>2026-04-13T05:03:58Z</responseDate><request verb="GetRecord" identifier="oai:www.recercat.cat:10230/46730" metadataPrefix="marc">https://recercat.cat/oai/request</request><GetRecord><record><header><identifier>oai:recercat.cat:10230/46730</identifier><datestamp>2025-12-13T20:50:26Z</datestamp><setSpec>com_2072_6</setSpec><setSpec>col_2072_452954</setSpec></header><metadata><record xmlns="http://www.loc.gov/MARC21/slim" xmlns:dcterms="http://purl.org/dc/terms/" xmlns:xsi="http://www.w3.org/2001/XMLSchema-instance" xmlns:doc="http://www.lyncode.com/xoai" xsi:schemaLocation="http://www.loc.gov/MARC21/slim http://www.loc.gov/standards/marcxml/schema/MARC21slim.xsd">
   <leader>00925njm 22002777a 4500</leader>
   <datafield ind2=" " ind1=" " tag="042">
      <subfield code="a">dc</subfield>
   </datafield>
   <datafield ind2=" " ind1=" " tag="720">
      <subfield code="a">Boladeras, Ariadna</subfield>
      <subfield code="e">author</subfield>
   </datafield>
   <datafield ind2=" " ind1=" " tag="720">
      <subfield code="a">Delgado, Sílvia</subfield>
      <subfield code="e">author</subfield>
   </datafield>
   <datafield ind2=" " ind1=" " tag="720">
      <subfield code="a">Sorribes, Alba</subfield>
      <subfield code="e">author</subfield>
   </datafield>
   <datafield ind2=" " ind1=" " tag="720">
      <subfield code="a">Subirats, Óscar</subfield>
      <subfield code="e">author</subfield>
   </datafield>
   <datafield ind2=" " ind1=" " tag="720">
      <subfield code="a">Tomàs, Meritxell</subfield>
      <subfield code="e">author</subfield>
   </datafield>
   <datafield ind2=" " ind1=" " tag="260">
      <subfield code="c">2021-03-11T15:47:02Z</subfield>
   </datafield>
   <datafield ind2=" " ind1=" " tag="260">
      <subfield code="c">2021-03-11T15:47:02Z</subfield>
   </datafield>
   <datafield ind2=" " ind1=" " tag="260">
      <subfield code="c">2020</subfield>
   </datafield>
   <datafield ind2=" " ind1=" " tag="520">
      <subfield code="a">Treball de fi de grau en Comunicació Audiovisual</subfield>
   </datafield>
   <datafield ind2=" " ind1=" " tag="520">
      <subfield code="a">Tutors: Francesc Vilanova i Piti Español</subfield>
   </datafield>
   <datafield ind2=" " ind1=" " tag="520">
      <subfield code="a">La Purmiau és una gata que viu amb el seu amo, en Mendelev, un alquimista que&#xd;
ha aconseguit crear la pedra filosofal i ser immortal, i amb en Rufwau, un gos que&#xd;
sempre la persegueix. Com cada any, el 12 de febrer en Mendelev marxa, deixant&#xd;
la Purmiau tota sola amb en Rufwau. Comencen una persecució i, durant la fugida,&#xd;
a la Purmiau se li cau una poció al damunt que la converteix en una gata de fusta.&#xd;
En aquell moment, observa un flashback que no acaba d’entendre: diverses figures&#xd;
i veus inintel·ligibles se li apareixen de manera borrosa durant uns instants.&#xd;
Desesperada, vol trobar la manera de tornar a la normalitat abans que torni el seu&#xd;
amo, de manera que intenta buscar la cura a través de pocions d’alquímia mentre&#xd;
s’oculta d’en Rufwau. Cada vegada que se’n pren una té un nou flashback tot i que&#xd;
al principi no acaba d’encaixar res del que veu, quan observa el seu reflex i veu la&#xd;
seva figura humana recorda que abans de ser una gata era una nena que es deia&#xd;
Ona. A partir de llavors el seu objectiu canvia radicalment: vol saber qui és realment,&#xd;
quin és el seu passat i què és el que amaga el seu amo. Gràcies a la informació que&#xd;
va reunint, se n’adona que la seva transformació es deu a un experiment; una poció&#xd;
que en Mendelev va posar a prova per primera vegada amb ella i que la va convertir&#xd;
en la Purmiau.&#xd;
Mentre destapa la realitat, reconeix a en Rufwau: realment és el seu millor amic&#xd;
Bruno, que havia acabat en el mateix parany que ella. Aquest nou descobriment&#xd;
activa en ells la urgència per descobrir tot allò que el seu amo amaga. En un&#xd;
determinat punt cal que se separin; decideixen que el gos vagi a la porta d’entrada&#xd;
de l’espai on viuen per vigilar-la i avisar la Purmiau de l’arribada del seu amo mentre&#xd;
ella segueix investigant. És llavors quan la Purmiau descobreix una sala on en Mendelev ha engabiat criatures estranyes, simbiosis de dos o més animals que&#xd;
anteriorment havien estat nens segrestats per l’alquimista. La Purmiau, quan troba&#xd;
la pedra filosofal, amb les seves proteccions, veu que el veritable objectiu del seu&#xd;
amo és trobar la manera de crear animals fantàstics a partir de la puresa de nenes i&#xd;
nens per tal de crear un fènix, l’únic ésser que el pot fer morir.&#xd;
Poc després, en Rufwau borda, avisant la Purmiau de l’arribada del seu amo. La&#xd;
Purmiau surt del laboratori i es troba amb què, en realitat, està dins de les&#xd;
instal·lacions d’un circ. Aconsegueix trobar en Mendelev al mig d’un espectacle&#xd;
amb éssers fantàstics. La Purmiau s’enfronta a ell per robar-li la clau que duu&#xd;
penjant del coll i quan l’aconsegueix torna a la sala on es trobava la pedra filosofal.&#xd;
Amb la clau desbloqueja les proteccions de la pedra i en tocar-la es trasllada al&#xd;
passat, als records d’en Mendelev. Ha de derrotar-lo abans que la segrestés, i en&#xd;
fer-ho, comença a esvair-se... Abans de desaparèixer, arriba l’Ona, amb les seves&#xd;
mares al darrera, i dels ulls de la gata brollen dues llàgrimes de la poció que la va&#xd;
convertir en fusta. Aquestes gotes cauen sobre el cos de l’alquimista i el&#xd;
converteixen en un ninot de fusta, i l’Ona i les seves mares es fonen en una&#xd;
abraçada.</subfield>
   </datafield>
   <datafield ind2="0" ind1="0" tag="245">
      <subfield code="a">The wooden cat</subfield>
   </datafield>
</record></metadata></record></GetRecord></OAI-PMH>